000 01015nam a2200205Ia 4500
003 Ost
005 20260507075256.0
008 260507s9999||||xx |||||||||||||| ||und||
040 _cfsecg
041 _aara
082 _a330
100 _aالحناوي، حمدي
_eمؤلف
245 0 _aتنظيم المشروعات الصغيرة /
_c حمدي الحناوي
260 _aالاسكندرية:
_bمركز الاسكندرية للكتاب,
_c2006
300 _a221 صفحة؛
_c25 سم
520 _aالتفكير في اقامة المشروع و دراسة الجدوى ، بعض المفاهيم الاساسية حول النشاط الاقتصادي ، التنمية الاقتصادية ، القطاعات الاقتصادية ...، ادارة المشروع ووصايا و خبرات اضافية حول المشروعات الريفية و اصلاح الاراضي ...، فرص ومقومات النجاح .
653 _aالتنظيم
653 _aالمشاريع
942 _cكتاب
999 _c43752
_d43752